Les Neuf Muses de la Mythologie - Statistiques

Statistiques générales
  • Ce quiz a été pris 56 fois
  • Le résultat moyen est 5 sur 9
Statistiques - réponses
Hint Réponse % Correct
Euterpe Musique
92%
Terpsichore Danse
77%
Clio Histoire
67%
Uranie Astronomie
63%
Thalie Comédie
60%
Érato Poésie lyrique
46%
Calliope Poésie épique
42%
Polymnie Éloquence
25%
Melpomène Chant et Tragédie
2%
Aucun quiz correspondant
Distribution des résultats
% des personnes avec chaque résultat
Percentile par nombre de réponses
Votre historique - résultats
Vous n’avez pas pris ce quiz